000 00322nam a2200133Ia 4500
005 20251222155204.0
008 251222s9999||||xx |||||||||||||| ||spa||
082 _aLEN.40
100 _aCASTELLANOS,Jarami.
245 0 _aTaller didáctico de archivo
250 _a1ra. ed.
264 _bMc Graw Hill Inter.
942 _cLIB
999 _c40047
_d40047